000 01151nam a22003257a 4500
003 CHAP
005 20220329135007.0
008 971013s1972 r 00010 d
010 _a29210
011 _a30182
035 _a34294
040 _cCHAP
090 _aTesis
100 0 0 _aLeón Zamudio, Sergio Arturo.
_966211
245 _aDeterminación de la eficiencia parcelaria para la programación de riegos en el distrito de riego No. 25 Bajo Río Bravo, Tamaulipas
260 _aChapingo, Méx. :
_bEl autor,
_c1972
300 _a75 h.
_b: mapas
502 _aTesis (Ing. Agr. Esp. en Irrigación) -- ENA. Departamento de Irrigación
590 _aALEPH
_b10
_c20130110
_lUCH01
_h1250
590 _aBATCH-UPD
_b10
_c20130110
_lUCH01
_h1613
590 _aBATCH-UPD
_b10
_c20130410
_lUCH01
_h1008
590 _aBATCH-UPD
_b10
_c20130914
_lUCH01
_h1207
590 _aCONVERSION
_b10
_c20130109
_lUCH01
_h1317
650 1 4 _aDistrito de Riego Bajo Río Bravo, Tamps.
_932847
650 1 4 _aIrrigación
_xProyectos.
_960443
901 _aBK
942 _cFOLL
949 _bBC
_cTES
_d-79467
_eTS1
_i34294
_si
949 _bBC
_cTES
_d-79468
_eTS2
_fc.2
_i34294
_si
999 _c29210
_d29210